Bulgaria Discovered (Запис номер 165399)
[ съкратено ]
| 000 -Лидер | |
|---|---|
| Контролно поле с фиксирана дължина | 01147nam a2200349 c 4500 |
| 003 - Код на организацията, давaща контролен номер | |
| Контролно поле | BLK |
| 005 - Дата и час на последна редакция | |
| Контролно поле | 20191005160218.0 |
| 008 - Елементи от данни с фиксирана дължина | |
| fixed length control field | 180410b bul|||||r ||||||| ||bul|| |
| 010 ## - Наследен системен номер | |
| LC control number | KNG00173009000 |
| 020 ## - Международен стандартен номер на книга ISBN | |
| Международен стандартен номер на книга ISBN | 978-619-7077-18-6 |
| -- | издат.: Human Resource Development Centre |
| 040 ## - Източник на каталожния запис | |
| Идентификатор на билиотеката - собственик на записа | BLK |
| 041 ## - Код за език | |
| Код за езика на текст/звукозапис или на отделно заглавие | Английски |
| Код за езика КДБФ | Английски |
| 072 #7 - Код за тематичната категория | |
| Код организация | bullib |
| Код за тематична категория | Н92 |
| Текст | История Н |
| 080 ## - УДК | |
| Текстов определител УДК | Краезнание |
| УДК код - определител по УДК | 908 |
| УДК определител | (497.2)(036) |
| УДК - код + определител | 908(497.2)(036) |
| 139 ## - Редно поле | |
| Редна дума | Bulgaria Discovered |
| Авторски знак | Bul - B 93 |
| 245 10 - Сведения за заглавието | |
| Заглавие | Bulgaria Discovered |
| Подзаглавни данни | Guide |
| Редно поле (дума) | contributors Elena Mircheva. |
| 257 ## - Страна на издаване | |
| Страна на създаване/издаване | България |
| 260 ## - Област на издателските данни | |
| -- | Sofia |
| Име на издателя, разпространителя и проч. | Human Resource Development Centre |
| Година на издаване | 2013 |
| 300 ## - Физическа характеристика | |
| Страници | 80 p. |
| Илюстрации и др. | col. ill., portr. |
| Размери/Мащаб | 17 cm |
| 380 ## - Жанр | |
| Жанр | История |
| 650 #4 - Допълнително описание по предмет – тема | |
| Основно описание – тема или топоним | България - пътеводители |
| 9 (RLIN) | 272126 |
| 651 #4 - Допълнително описание по предмет - топоним | |
| Географско понятие | България |
| 9 (RLIN) | 241624 |
| 653 ## - Ключова дума – ненормативна | |
| Ключова дума | България |
| 653 ## - Ключова дума – ненормативна | |
| Ключова дума | пътеводители |
| 659 ## - Тематичен бюлетин | |
| Тематичен бюлетин | Н |
| 700 1# - Други автори (авторска отговорност) | |
| Лично име | Mircheva, Elena |
| Автороска отговорност (Описва отношението между автора и произведението) | contributors |
| 9 (RLIN) | 333942 |
| 852 ## - Местоположение | |
| Форматна сигнатура | Цб І 35792 |
| 856 4# - Електронен адрес и достъп | |
| Електронен формат | pdf - файл |
| Път до файла /url/ | |
| 856 4# - Електронен адрес и достъп | |
| Електронен формат | pdf - файл |
| Път до файла /url/ | |
| 942 ## - АРТИКУЛИ | |
| Вид на библиотечния материал | Книги |
| Скрит в OPAC | Не |
| Koha issues (borrowed), all copies | 2 |
| 944 ## - СЪЗДАВАНЕ И РЕДАКЦИЯ на ЗАПИСА | |
| Създаване/Редакция | Създаване |
| Дата на регистрацията/редакция | 16.03.2015 |
| Статус, дата на статуса | ф / |
| Служител, извършил регистрацията/редакцията | Виолета_Тройчева |
| 944 ## - СЪЗДАВАНЕ И РЕДАКЦИЯ на ЗАПИСА | |
| Създаване/Редакция | Редакция |
| Дата на регистрацията/редакция | 06.08.2015 |
| Статус, дата на статуса | ф / |
| Служител, извършил регистрацията/редакцията | Людмила_Стоянова |
| 999 ## - СИСТЕМНИ КОНТРОЛНИ НОМЕРА | |
| Koha biblionumber | 165399 |
| Koha biblioitemnumber | 165399 |
| Код за отписване | Код за изгубен артикул | Код за повреда | Коз за рестрикции | Код за отдаване | Артикулен № | Име на библиотеката - собственик | Име на библиотеката, в която се намира в момента | Статус (Текущо местоположение) | Дата на вписване в системата | Местоположение - отдел | Цена в лева | Инвентарен номер | Систематично азбучна сигнатура | Баркод | Номер на екземпляра | Цена в евро | Служебна бележка | Служебен тип на артикула | Източник на класификационната схема |
|---|---|---|---|---|---|---|---|---|---|---|---|---|---|---|---|---|---|---|---|
| Не е изгубен | Не е повреден | без рестрикции | ползва се в читалня | 278865 | Регионална библиотека "Любен Каравелов" Русе | Регионална библиотека "Любен Каравелов" Русе | Хранилище | 2015-03-12 | Хранилище | 9.00 | 120000786412 | Цб І 35792 | 120000786412 | 1 | 4.60 | Дост: Dp Вид: Д N: 32 Дата: 17.07.2014 | Книги | ||
| Не е изгубен | Не е повреден | без рестрикции | заемане за дома | 278866 | Регионална библиотека "Любен Каравелов" Русе | Регионална библиотека "Любен Каравелов" Русе | Заемна - подръчен фонд | 2015-07-10 | Заемна - подръчен фонд | 9.00 | 120000789936 | П 908(497.2)/B 78 | 120000789936 | 2 | 4.60 | Дост: DA Вид: А N: 11 Дата: 10.07.2015 Дата инв: 07.02.2018 Бележки инв: П2018 | Книги | ||
| Не е изгубен | Не е повреден | без рестрикции | заемане за дома | 278867 | Регионална библиотека "Любен Каравелов" Русе | Регионална библиотека "Любен Каравелов" Русе | Дубликат | 2015-07-10 | Заемна - подръчен фонд | 9.00 | 120000789937 | П 908(497.2)/B 78 | 120000789937 | 3 | 4.60 | Дост: DA Вид: А N: 11 Дата: 10.07.2015 Дата инв: 07.02.2018 Бележки инв: П2018 | Книги | Universal Decimal Classification | |
| Не е изгубен | Не е повреден | без рестрикции | заемане за дома | 278868 | Регионална библиотека "Любен Каравелов" Русе | Регионална библиотека "Любен Каравелов" Русе | ЧЧЗО - англ. ез. - Британски съвет | 2015-07-10 | ЧЧЗО - англ. ез. - Британски съвет | 9.00 | 120000789938 | Ч3 908(497.2)/B 78 | 120000789938 | 4 | 4.60 | Дост: DA Вид: А N: 11 Дата: 10.07.2015 Дата инв: 21.07.2015 Бележки инв: Ч32015 | Книги |